000 00361pab a2200145 454500
008 180718b1997 xxu||||| |||| 00| 0 eng d
100 _aJafri, S.S.A.
245 _aUrban housing in India: an analytical approach to quality of living
260 _c1997
300 _ap.50-64
362 _aJul-Sep
650 _aHousing
773 _aNagarlok
909 _a35705
999 _c35705
_d35705